Principles and Practice of Surgery (Record no. 331)

MARC details
000 -LEADER
fixed length control field 00558nam a22002177a 4500
003 - CONTROL NUMBER IDENTIFIER
control field OSt
005 - DATE AND TIME OF LATEST TRANSACTION
control field 20190918113458.0
008 - FIXED-LENGTH DATA ELEMENTS--GENERAL INFORMATION
fixed length control field 140811b xxu||||| |||| 00| 0 eng d
020 ## - INTERNATIONAL STANDARD BOOK NUMBER
International Standard Book Number 0443044287
040 ## - CATALOGING SOURCE
Transcribing agency DLC
082 ## - DEWEY DECIMAL CLASSIFICATION NUMBER
Classification number WO 100 F762p 1990
100 ## - MAIN ENTRY--PERSONAL NAME
Relator code Forrest A. P. M.; Carter D. C.; Macleod, I.B.
245 ## - TITLE STATEMENT
Title Principles and Practice of Surgery
250 ## - EDITION STATEMENT
Edition statement 2nd ed.
260 ## - PUBLICATION, DISTRIBUTION, ETC. (IMPRINT)
Place of publication, distribution, etc. UK:
Name of publisher, distributor, etc. ELBS,
Date of publication, distribution, etc. 1994
300 ## - PHYSICAL DESCRIPTION
Extent viii, 729 p. :
Other physical details col.ill;
Dimensions 28 cm
504 ## - BIBLIOGRAPHY, ETC. NOTE
Bibliography, etc Includes index
650 ## - SUBJECT ADDED ENTRY--TOPICAL TERM
Topical term or geographic name as entry element Surgery
9 (RLIN) 323
654 ## - SUBJECT ADDED ENTRY--FACETED TOPICAL TERM
Focus term Surgery
942 ## - ADDED ENTRY ELEMENTS (KOHA)
Source of classification or shelving scheme Other/Generic Classification Scheme
Koha item type Book Bank
Holdings
Withdrawn status Lost status Source of classification or shelving scheme Damaged status Not for loan Home library Current library Date acquired Source of acquisition Inventory number Total Checkouts Full call number Barcode Date last seen Price effective from Koha item type Date last checked out
    Other/Generic Classification Scheme     MUST Main Library MUST Main Library 11/08/2014   207   WO 100 F762p 1990 2014-2007 11/08/2014 11/08/2014 Book Bank  
    Other/Generic Classification Scheme     MUST Main Library MUST Main Library 11/08/2014   110   WO 100 F762p 1990 2014-2008 11/08/2014 11/08/2014 Book Bank  
    Other/Generic Classification Scheme     MUST Main Library MUST Main Library 11/08/2014   102   WO 100 F762p 1990 2014-2009 11/08/2014 11/08/2014 Book Bank  
    Other/Generic Classification Scheme     MUST Main Library MUST Main Library 11/08/2014   216   WO 100 F762p 1990 2014-2010 11/08/2014 11/08/2014 Book Bank  
    Other/Generic Classification Scheme     MUST Main Library MUST Main Library 11/08/2014   106   WO 100 F762p 1990 2014-2011 11/08/2014 11/08/2014 Book Bank  
    Other/Generic Classification Scheme     MUST Main Library MUST Main Library 11/08/2014   219   WO 100 F762p 1990 2014-2012 11/08/2014 11/08/2014 Book Bank  
    Other/Generic Classification Scheme     MUST Main Library MUST Main Library 11/08/2014   204 1 WO 100 F762p 1990 2014-2013 21/05/2025 11/08/2014 Book Bank 15/02/2025
    Other/Generic Classification Scheme     MUST Main Library MUST Main Library 11/08/2014   203   WO 100 F762p 1990 2014-2014 11/08/2014 11/08/2014 Book Bank  
    Other/Generic Classification Scheme     MUST Main Library MUST Main Library 11/08/2014   211   WO 100 F762p 1990 2014-2015 11/08/2014 11/08/2014 Book Bank  
    Other/Generic Classification Scheme     MUST Main Library MUST Main Library 11/08/2014   201   WO 100 F762p 1990 2014-2016 11/08/2014 11/08/2014 Book Bank  
    Other/Generic Classification Scheme     MUST Main Library MUST Main Library 11/08/2014   107   WO 100 F762p 1990 2014-2017 11/08/2014 11/08/2014 Book Bank  
    Other/Generic Classification Scheme     MUST Main Library MUST Main Library 11/08/2014   116   WO 100 F762p 1990 2014-2018 11/08/2014 11/08/2014 Book Bank  
    Other/Generic Classification Scheme     MUST Main Library MUST Main Library 11/08/2014   214   WO 100 F762p 1990 2014-2019 11/08/2014 11/08/2014 Book Bank  
    Other/Generic Classification Scheme     MUST Main Library MUST Main Library 11/08/2014   9274   WO 100 F762p 1990 2014-2020 11/08/2014 11/08/2014 Book Bank  
    Other/Generic Classification Scheme     MUST Main Library MUST Main Library 11/08/2014   109   WO 100 F762p 1990 2014-2021 11/08/2014 11/08/2014 Book Bank  
    Other/Generic Classification Scheme     MUST Main Library MUST Main Library 11/08/2014   112   WO 100 F762p 1990 2014-2022 11/08/2014 11/08/2014 Book Bank  
    Other/Generic Classification Scheme     MUST Main Library MUST Main Library 11/08/2014   206   WO 100 F762p 1990 2014-2023 11/08/2014 11/08/2014 Book Bank  
    Other/Generic Classification Scheme     MUST Main Library MUST Main Library 11/08/2014   212   WO 100 F762p 1990 2014-2024 11/08/2014 11/08/2014 Book Bank  
    Other/Generic Classification Scheme     MUST Main Library MUST Main Library 11/08/2014   217   WO 100 F762p 1990 2014-2025 11/08/2014 11/08/2014 Book Bank  
    Other/Generic Classification Scheme     MUST Main Library MUST Main Library 11/08/2014   108   WO 100 F762p 1990 2014-2026 11/08/2014 11/08/2014 Book Bank  
    Other/Generic Classification Scheme     MUST Main Library MUST Main Library 11/08/2014   105   WO 100 F762p 1990 2014-2027 11/08/2014 11/08/2014 Book Bank  
    Other/Generic Classification Scheme     MUST Main Library MUST Main Library 11/08/2014   1994/7199   WO 100 F762p 1990 2014-2028 11/08/2014 11/08/2014 Book Bank  
    Other/Generic Classification Scheme     MUST Main Library MUST Main Library 11/08/2014   202   WO 100 F762p 1990 2014-2029 11/08/2014 11/08/2014 Book Bank  
    Other/Generic Classification Scheme     MUST Main Library MUST Main Library 11/08/2014   215   WO 100 F762p 1990 2014-2030 11/08/2014 11/08/2014 Book Bank  
    Other/Generic Classification Scheme     MUST Main Library MUST Main Library 11/08/2014   118 2 WO 100 F762p 1990 2014-2031 21/01/2020 11/08/2014 Book Bank 11/12/2019